|
|
|
|
| LEADER |
02828nam a22004455i 4500 |
| 001 |
978-3-658-05810-4 |
| 003 |
DE-He213 |
| 005 |
20151204185808.0 |
| 007 |
cr nn 008mamaa |
| 008 |
140506s2014 gw | s |||| 0|eng d |
| 020 |
|
|
|a 9783658058104
|9 978-3-658-05810-4
|
| 024 |
7 |
|
|a 10.1007/978-3-658-05810-4
|2 doi
|
| 040 |
|
|
|d GrThAP
|
| 050 |
|
4 |
|a T385
|
| 050 |
|
4 |
|a TA1637-1638
|
| 050 |
|
4 |
|a TK7882.P3
|
| 072 |
|
7 |
|a UYQV
|2 bicssc
|
| 072 |
|
7 |
|a COM016000
|2 bisacsh
|
| 082 |
0 |
4 |
|a 006.6
|2 23
|
| 100 |
1 |
|
|a Herling, Jan.
|e author.
|
| 245 |
1 |
0 |
|a Advanced Real-Time Manipulation of Video Streams
|h [electronic resource] /
|c by Jan Herling.
|
| 264 |
|
1 |
|a Wiesbaden :
|b Springer Fachmedien Wiesbaden :
|b Imprint: Springer Vieweg,
|c 2014.
|
| 300 |
|
|
|a XXIV, 244 p. 150 illus., 20 illus. in color.
|b online resource.
|
| 336 |
|
|
|a text
|b txt
|2 rdacontent
|
| 337 |
|
|
|a computer
|b c
|2 rdamedia
|
| 338 |
|
|
|a online resource
|b cr
|2 rdacarrier
|
| 347 |
|
|
|a text file
|b PDF
|2 rda
|
| 505 |
0 |
|
|a Real-time Video and Image Inpainting -- Diminished and Mediated Reality -- Video and Image Manipulation and Synthesis.
|
| 520 |
|
|
|a Diminished Reality is a new fascinating technology that removes real-world content from live video streams. This sensational live video manipulation actually removes real objects and generates a coherent video stream in real-time. Viewers cannot detect modified content. Existing approaches are restricted to moving objects and static or almost static cameras and do not allow real-time manipulation of video content. Jan Herling presents a new and innovative approach for real-time object removal with arbitrary camera movements. Contents Real-time Video and Image Inpainting Diminished and Mediated Reality Video and Image Manipulation and Synthesis Target Groups Researchers and students in the fields of Real-time Video Inpainting and Image Inpainting Experts in Video and Image Synthesis and in Computer Vision About the Author Jan Herling received the master’s degree (Dipl.-Inf.) in computer science from the RWTH Aachen University in 2008 and the PhD degree from the Ilmenau University of Technology in 2013. He is a CTO and cofounder of fayteq, a company concerned with advanced video manipulation technologies.
|
| 650 |
|
0 |
|a Computer science.
|
| 650 |
|
0 |
|a Computer graphics.
|
| 650 |
1 |
4 |
|a Computer Science.
|
| 650 |
2 |
4 |
|a Computer Imaging, Vision, Pattern Recognition and Graphics.
|
| 650 |
2 |
4 |
|a Computer Science, general.
|
| 710 |
2 |
|
|a SpringerLink (Online service)
|
| 773 |
0 |
|
|t Springer eBooks
|
| 776 |
0 |
8 |
|i Printed edition:
|z 9783658058098
|
| 856 |
4 |
0 |
|u http://dx.doi.org/10.1007/978-3-658-05810-4
|z Full Text via HEAL-Link
|
| 912 |
|
|
|a ZDB-2-SCS
|
| 950 |
|
|
|a Computer Science (Springer-11645)
|